| 000 | 00785nam a2200193Ia 4500 | ||
|---|---|---|---|
| 008 | 0000001998 sp a 0000000000spa00 | ||
| 090 | _aPSP00 G82g | ||
| 100 | 1 |
_aGuerrero, José _d19141991 |
|
| 245 | 1 | 0 |
_aGuerrero _b: color y gesto, 1947-1969 |
| 300 |
_a48 p. _c/ 27 cm. |
||
| 500 | _aExposición realizada en Oriol Galeria d'Art, Barcelona, Marzo 24 Abril 24, 1998 \ Con el patronazgo del maestro venezolano Jesús Rafael Soto (q.e.p.d.) \ Registro auspiciado por el IDCT. Bogotá | ||
| 600 | 0 | 0 |
_aGUERRERO, JOSE. 1914199/ _xTRABAJOS PICTORICOS |
| 650 | 1 | 4 | _aARTE CONTEMPORANEO ESPAÑOL |
| 650 | 1 | 4 | _xCATALOGOS |
| 650 | 1 | 4 | _xEXPOSICIONES |
| 650 | 1 | 4 | _aPINTORES ESPAÑOLES |
| 650 | 1 | 4 | _aPINTURA ESPAÑOLA |
| 999 |
_c3323 _d3323 |
||
| 260 |
_aBarcelona : Oriol Galería d ́Art _c1998 |
||